500-600 Digits of Pi - Statistics

General Stats
  • This quiz has been taken 1,208 times
  • The average score is 59 of 100
Answer Stats
% Correct
2
100%
9
94%
8
92%
3
91%
3
89%
6
88%
7
87%
3
86%
3
86%
6
86%
2
84%
4
82%
4
81%
0
79%
6
77%
4
76%
5
76%
6
76%
6
76%
0
75%
3
75%
0
72%
2
72%
6
72%
8
72%
1
71%
3
71%
4
70%
9
70%
9
70%
4
69%
3
68%
6
68%
2
67%
2
67%
4
67%
5
67%
9
67%
7
66%
3
65%
7
64%
0
60%
0
60%
1
60%
2
60%
7
60%
9
60%
1
59%
7
58%
8
58%
9
58%
6
57%
0
55%
9
54%
4
53%
3
52%
0
51%
2
51%
7
51%
7
50%
7
50%
0
49%
3
49%
5
49%
2
48%
9
48%
1
47%
1
45%
7
45%
7
44%
6
43%
1
42%
2
42%
3
42%
5
42%
6
42%
7
42%
7
42%
9
42%
2
41%
1
40%
3
40%
4
40%
4
40%
6
40%
7
40%
8
40%
8
40%
4
39%
6
39%
7
39%
8
39%
0
38%
1
38%
3
38%
4
38%
5
38%
6
38%
6
38%
9
38%
No matching quizzes found
Score Distribution
Percent of People with Each Score
Percentile by Number Answered
Your Score History
You have not taken this quiz